Les départements français traversés par la Loire - Statistiques

Statistiques générales
  • Ce quiz a été pris 109 fois
  • Le résultat moyen est 10 sur 12
Statistiques - réponses
Région Département % Correct
Auvergne - Rhône Alpes Loire
100%
Centre - Val de Loire Loiret
97%
Pays de la Loire Loire Atlantique
95%
Auvergne - Rhône Alpes Haute Loire
90%
Centre - Val de Loire Cher
87%
Pays de la Loire Maine et Loire
87%
Centre - Val de Loire Indre et Loire
84%
Bourgogne - Franche Comté Saône et Loire
84%
Auvergne - Rhône Alpes Allier
76%
Auvergne - Rhône Alpes Ardèche
76%
Centre - Val de Loire Loir et Cher
76%
Bourgogne - Franche Comté Nièvre
76%
Aucun quiz correspondant
Distribution des résultats
% des personnes avec chaque résultat
Percentile par nombre de réponses
Votre historique - résultats
Vous n’avez pas pris ce quiz